ბათუმის შოთა რუსთაველის სახელმწიფო უნივერსიტეტის ბიბლიოთეკა

Perceptual and Motor Development in Infants and Children / (ბიბ.ჩანაწერი № 61677)

000 -LEADER
fixed length control field 00684nam a22001817a 4500
005 - DATE AND TIME OF LATEST TRANSACTION
control field 20240416123431.0
008 - FIXED-LENGTH DATA ELEMENTS--GENERAL INFORMATION
fixed length control field 240416s1986 enk||||| |||| 00| 0 eng d
020 ## - INTERNATIONAL STANDARD BOOK NUMBER
International Standard Book Number 9780136571646x
041 ## - LANGUAGE CODE
Language code of text/sound track or separate title eng
080 ## - UNIVERSAL DECIMAL CLASSIFICATION NUMBER
Universal Decimal Classification number 616-53.2 C-87
100 ## - MAIN ENTRY--PERSONAL NAME
Personal name Cratty, Bryant J.
9 (RLIN) 21812
245 ## - TITLE STATEMENT
Title Perceptual and Motor Development in Infants and Children /
Statement of responsibility, etc. Bryant J. Cratty.
264 ## - PRODUCTION, PUBLICATION, DISTRIBUTION, MANUFACTURE, AND COPYRIGHT NOTICE
Place of production, publication, distribution, manufacture New Jersey:
Name of producer, publisher, distributor, manufacturer Prentice Hall,
Date of production, publication, distribution, manufacture, or copyright notice 1986.
300 ## - PHYSICAL DESCRIPTION
Extent 424 p.:
Other physical details ill.;
Dimensions 24 cm.
653 ## - INDEX TERM--UNCONTROLLED
keyword აღქმის და მოტორული განვითარება ჩვილებსა და ბავშვებში
653 ## - INDEX TERM--UNCONTROLLED
keyword მედიცინა
942 ## - ADDED ENTRY ELEMENTS (KOHA)
Source of classification or shelving scheme
Koha item type წიგნი
ეგზემპლარები
Withdrawn status Lost status Source of classification or shelving scheme Damaged status Not for loan Permanent Location Current Location Shelving location Date acquired Cost, normal purchase price Full call number Barcode Date last seen Copy number Price effective from Koha item type Public note
          ბათუმის შოთა რუსთაველის სახელმწიფო უნივერსიტეტის მთავარი ბიბლიოთეკა ბათუმის შოთა რუსთაველის სახელმწიფო უნივერსიტეტის მთავარი ბიბლიოთეკა წიგნსაცავი 2024-04-16 25.00 616-53.2 C-87 67842 2024-04-16 67842 2024-04-16 წიგნი 25 ლ.